Chapman Library

Who moved my cheese?: an a-mazing way to deal with change in your work and in your life (Record no. 3846)

000 -LEADER
fixed length control field 00438nam a22001457a 4500
020 ## - INTERNATIONAL STANDARD BOOK NUMBER
ISBN 0399144463
050 ## - LIBRARY OF CONGRESS CALL NUMBER
Classification number BF 637.C4 joh
100 ## - MAIN ENTRY--AUTHOR NAME
Personal name JOHNSON, Spencer
245 ## - TITLE STATEMENT
Title Who moved my cheese?: an a-mazing way to deal with change in your work and in your life
260 ## - PUBLICATION, DISTRIBUTION, ETC. (IMPRINT)
Place of publication New York
Name of publisher G. P. Putnam & Sons
Year of publication 1998
300 ## - PHYSICAL DESCRIPTION
Number of Pages 94p.; illus
490 ## - SERIES STATEMENT
Series statement The Value Table Series for Children
650 ## - SUBJECT ADDED ENTRY--TOPICAL TERM
Topical Term 1. Change ( Psychology)
942 ## - ADDED ENTRY ELEMENTS (KOHA)
Koha item type Books
Holdings
Koha item type Collection code Accession Number Permanent Location Current Location Date acquired Full call number
BooksLending5725Chapman LibraryChapman Library2017-11-10BF 637. C4 joh


CSUC Chapman Library is a Koha Automated Library.


Contact us: library@csuc.edu.gh.